| 000 | 00840nam a22002055i 4500 | ||
|---|---|---|---|
| 001 | 155761 | ||
| 003 | ES-MaACL | ||
| 005 | 20230906210205.0 | ||
| 008 | 021017d1856 fr |||| | fre d | ||
| 040 |
_aCYL _bspa _cCYL |
||
| 100 | 1 |
_aHugonin, F. _9128083 |
|
| 245 | 1 | 0 |
_aËtudes philosophiques. _pOntologie ou étude des lois de la pensée / _cper M. l'abbé F. Hugonin. |
| 260 |
_aParis : _bLibrairie classsique d'Eugéne Belin, _c1856 ( _fimprimerie de Mme Vº Belin) |
||
| 300 |
_av. ; _c22 cm. |
||
| 505 | 8 | _aTome Premier (XIV, 527 P.) | |
| 596 | 1 | _aMarca tip. en port. | |
| 597 | 1 | _aAntep. | |
| 752 |
_aFrancia - _dParis |
||
| 852 |
_aES-MaACL _jG-11937-11938 _z-- Enc. hol. _x-- Edic.: El tit. debería ser: "Ontologie ou étude des lois de la pensée : études philosophiques" -- El t.II está fechado en 1857 y tiene 522 p. |
||
| 999 |
_c155761 _d155761 |
||